| 000 | 00342nam a22001217a 4500 | ||
|---|---|---|---|
| 999 |
_c4899 _d4899 |
||
| 008 | 250422b ||||| |||| 00| 0 eng d | ||
| 020 | _a9781445455587 | ||
| 082 | _a823.92 CHA | ||
| 100 |
_aCHANCELLOR,DEBORAH _eAUTHOR |
||
| 245 | _aMUDDYPAWS | ||
| 260 |
_aPARRAGON,QUEEN STREET HOUSE,4 QUEEN STREE,BATH BA1 1HE,UK _bPARRAGON _c2011 |
||
| 942 | _2ddc | ||